Tous les clubs de rugby ayant évolué en 1ère division depuis 1947 - Statistiques

Statistiques générales
  • Ce quiz a été pris 30 fois
  • Le résultat moyen est 50 sur 126
Statistiques - réponses
Club Région % Correct
Stade Toulousain Midi-Pyrénées
100%
Toulouse OEC Midi-Pyrénées
96%
Clermont Auvergne
92%
Stade Français Paris Ile-de-France
92%
Toulon Provence-Alpes-Côte-d'Azur
92%
CA Bègles Aquitaine
88%
Lyon Rhône-Alpes
88%
Montpellier Languedoc-Roussillon
88%
Stade Bordelais Aquitaine
88%
Union Bordeaux Bègles Aquitaine
88%
Pau Aquitaine
83%
Perpignan Languedoc-Roussillon
83%
Bayonne Aquitaine
79%
Biarritz Aquitaine
79%
Castres Midi-Pyrénées
79%
Nice Provence-Alpes-Côte-d'Azur
79%
Béziers Languedoc-Roussillon
75%
La Rochelle Poitou-Charentes
75%
Tarbes Midi-Pyrénées
75%
Limoges Limousin
71%
Nîmes Languedoc-Roussillon
71%
Agen Aquitaine
67%
Angoulême Poitou-Charentes
67%
Brive Limousin
67%
Grenoble Rhône-Alpes
67%
Montauban Midi-Pyrénées
67%
Mont-de-Marsan Aquitaine
67%
Narbonne Languedoc-Roussillon
67%
Racing 92 Ile-de-France
67%
Valence Rhône-Alpes
67%
Valence-d'Agen Midi-Pyrénées
67%
Vannes Bretagne
67%
Albi Midi-Pyrénées
63%
Carcassonne Languedoc-Roussillon
63%
Dax Aquitaine
63%
Lourdes Midi-Pyrénées
63%
Auch Midi-Pyrénées
58%
Aurillac Auvergne
58%
Bourg-en-Bresse Rhône-Alpes
58%
Dijon Bourgogne
58%
Colomiers Midi-Pyrénées
54%
Paris Université Club Ile-de-France
54%
Blagnac Midi-Pyrénées
50%
Périgueux Aquitaine
50%
Tulle Limousin
50%
Nantes Pays de la Loire
46%
Oyonnax Rhône-Alpes
46%
Rodez Midi-Pyrénées
46%
Aix-les-Bains Rhône-Alpes
42%
Avignon Saint-Saturnin Provence-Alpes-Côte-d'Azur
42%
Bourgoin-Jallieu Rhône-Alpes
42%
Cahors Midi-Pyrénées
42%
Chambéry Rhône-Alpes
42%
Niort Poitou-Charentes
42%
Poitiers Poitou-Charentes
42%
Bagnères-de-Bigorre Midi-Pyrénées
38%
Foix Midi-Pyrénées
38%
Hendaye Aquitaine
38%
Saint-Jean-de-Luz Aquitaine
38%
Tours Centre-Val-de-Loire
38%
Vichy Auvergne
38%
Bergerac Aquitaine
33%
Besançon Franche-Comté
33%
Graulhet Midi-Pyrénées
33%
La Voulte Rhône-Alpes
33%
Libourne Aquitaine
33%
Marmande Aquitaine
33%
Oloron Aquitaine
33%
Orthez Aquitaine
33%
Pamiers Midi-Pyrénées
33%
Saint-Gaudens Midi-Pyrénées
33%
Cognac Poitou-Charentes
29%
Quillan Languedoc-Roussillon
29%
Vienne Rhône-Alpes
29%
Villeneuve-sur-Lot Aquitaine
29%
Chalon-sur-Saône Bourgogne
25%
Figeac Midi-Pyrénées
25%
Lannemezan Midi-Pyrénées
25%
Mazamet Midi-Pyrénées
25%
Montélimar Rhône-Alpes
25%
Montluçon Auvergne
25%
Boucau Tarnos Aquitaine
21%
Hyères Provence-Alpes-Côte-d'Azur
21%
Le Creusot Bourgogne
21%
Mandelieu Provence-Alpes-Côte-d'Azur
21%
Mauléon Aquitaine
21%
Saint-Girons Midi-Pyrénées
21%
Villefranche-de-Lauragais Midi-Pyrénées
21%
Carmaux Midi-Pyrénées
17%
Céret Languedoc-Roussillon
17%
Condom Midi-Pyrénées
17%
Langon Aquitaine
17%
Mérignac Aquitaine
17%
Prades Languedoc-Roussillon
17%
Rumilly Rhône-Alpes
17%
Saint-Claude Franche-Comté
17%
Salles Aquitaine
17%
Sarlat Aquitaine
17%
Tyrosse Aquitaine
17%
Castelsarrasin Midi-Pyrénées
13%
Gaillac Midi-Pyrénées
13%
Hagetmau Aquitaine
13%
Mimizan Aquitaine
13%
Roanne Rhône-Alpes
13%
Romans-sur-Isère Rhône-Alpes
13%
Voiron Rhône-Alpes
13%
Aire-sur-l'Adour Aquitaine
8%
Châteaurenard Provence-Alpes-Côte-d'Azur
8%
Decazeville Midi-Pyrénées
8%
Gujan-Mestras Aquitaine
8%
La Teste-de-Buch Aquitaine
8%
Lavelanet Midi-Pyrénées
8%
Montchanin Bourgogne
8%
Saint-Médard-en-Jalles Aquitaine
8%
Saint-Paul-lès-Dax Aquitaine
8%
Thuir Languedoc-Roussillon
8%
Côte Vermeille Languedoc-Roussillon
4%
Fumel Aquitaine
4%
Lombez Samatan Midi-Pyrénées
4%
Saint-Sever Aquitaine
4%
Soustons Aquitaine
4%
Beaumont-de-Lomagne Midi-Pyrénées
0%
Bort-les-Orgues Auvergne
0%
Gimont Midi-Pyrénées
0%
Rieumes Midi-Pyrénées
0%
Saint-Junien Limousin
0%
Aucun quiz correspondant
Distribution des résultats
% des personnes avec chaque résultat
Percentile par nombre de réponses
Votre historique - résultats
Vous n’avez pas pris ce quiz